Statistics for Golden State Warriors: Most Dunks Each Year

Click here to take the quiz!

General Stats

  • This quiz has been taken 39 times
    (9 since last reset)
  • The average score is 11 of 19

Answer Stats

Year Player Dunks % Correct
2013-2014Andrew Bogut91
100%
2017-2018Kevin Durant94
100%
2001-2002Jason Richardson81
86%
2016-2017JaVale McGee121
71%
2007-2008Monta Ellis69
57%
2002-2003Erick Dampier77
29%
2006-2007Andris Biedrins76
29%
2010-2011David Lee80
29%
2012-2013Harrison Barnes67
29%
2019-2020Marquese Chriss99
29%
2009-2010Corey Maggette45
14%

Score Distribution

Percentile by Number Answered

Percent of People with Each Score

Your Score History

You have not taken this quiz since the last reset